Les vases C-Ware à décor géométrique de Nagada I (Égypte, IVe millénaire)

Saved in:

Main Author: Gwenola Graff

Format: Book

Language: Undetermined

Published: Cairo Institut français d'archéologie orientale 2025

Series: CCE 12

Subjects:

Tags: Add Tag

No Tags, Be the first to tag this record!

Call Number: On Hold

LEADER 00592nam a2200181Ia 4500
005 20260324113529.0
008 260324s9999||||xx |||||||||||||| ||und||
020 |a 9782724710557 
050 4 |a On Hold 
100 0 |a Gwenola Graff 
245 1 0 |a Les vases C-Ware à décor géométrique de Nagada I (Égypte, IVe millénaire)  |c Gwenola Graff 
264 1 |a Cairo  |b Institut français d'archéologie orientale  |c 2025 
300 |a 230 pages  |c 32 cm 
490 0 |a CCE 12 
650 4 |a Geometric decoration on ceramics 
650 4 |a Predynastic Egyptian pottery 
650 4 |a Symbolic archaeology 
999 |c 61894  |d 61894